000
00203nam a2200097Ia 4500
008
220204s9999 xx 000 0 und d
082
_a
82-3
_b
MAN
100
_a
Og
245
0
_a
Gift of Acabar
942
_c
BK
999
_c
35115
_d
35115